000 01184nmc a2200361 a 4500
003 AR-BaBNM
005 20251128205612.0
008 011101s1989 ||||||||||||||000 | spa||
020 _a84-86587-52-2
040 _cAR-BaBNM
100 1 _aTrueba Marcano, Beatriz
245 1 0 _aTalleres integrales en educación infantil
_buna propuesta de organización del escenario escolar
260 _aMadrid
_bEdiciones de la Torre
_c1989
300 _a231 p.
_bil., tablas, gráfs.
490 0 _aProyecto didáctico Quirón. Organización escolar
_vv. 7
500 _aContiene anexos
500 _aContiene referencias bibliográficas
500 _aAl ejemplar 119227 le falta la portada y parte del índice
600 0 4 _aReggio Emilia
650 4 _aPROCESO DE APRENDIZAJE
650 4 _aTECNICAS DIDACTICAS
650 4 _aDESARROLLO DE LA CREATIVIDAD
650 4 _aTRABAJO EN EQUIPO
650 4 _aEXPERIENCIA PEDAGOGICA
650 4 _aTALLERES [METODO PEDAGOGICO]
650 4 _aIMAGINACION
650 4 _aPERFECCIONAMIENTO DEL DOCENTE
650 4 _aAMBIENTE EDUCACIONAL
650 4 _aPSICOMOTRICIDAD
653 _aMETODOS EDUCATIVOS
942 _cBK
998 _cArturo
999 _c12088
_d12088